London Underground Stations (A-L) containing the letter "P" - Statistics

General Stats
  • This quiz has been taken 71 times
  • The average score is 9 of 23
Answer Stats
Answer % Correct
Alperton
69%
Green Park
66%
Epping
62%
Elm Park
59%
Finsbury Park
52%
Hyde Park Corner
48%
Liverpool Street
48%
Great Portland Street
45%
Canons Park
41%
Holland Park
41%
Belsize Park
38%
Chiswick Park
38%
Clapham North
38%
Clapham South
38%
Kilburn Park
38%
Clapham Common
34%
Elephant & Castle
31%
Fairlop
31%
Hampstead
28%
Battersea Power Station
24%
King's Cross St Pancras
24%
East Putney
17%
Kensington (Olympia)
14%
No matching quizzes found
Score Distribution
Percent of People with Each Score
Percentile by Number Answered
Your Score History
You have not taken this quiz